Kentucky Groups of Things - Statistics

General Stats
  • This quiz has been taken 46 times
    29 since last reset
  • The average score is 20 of 43
Answer Stats
Category Answer % Correct
Most Populous Cities Lexington
100%
Most Populous Cities Louisville
92%
Largest Universities University of Louisville
92%
Bordering States Ohio
83%
Longest Rivers Ohio River
83%
Bordering States Tennessee
83%
Largest Universities University of Kentucky
83%
Bordering States Virginia
83%
Bordering States West Virginia
83%
Bordering States Illinois
79%
Bordering States Indiana
79%
Bordering States Missouri
79%
Longest Rivers Tennessee River
79%
Most Populous Cities Bowling Green
67%
Longest Rivers Mississippi River
63%
Last 4 Governors Andy Beshear
54%
Last 4 Governors Steve Beshear
54%
Largest Universities Western Kentucky University
54%
Major Bourbon Distilleries Jim Beam
50%
Most Populous Cities Owensboro
50%
Largest Industries Coal
46%
Most Populous Cities Covington
46%
Most Populous Counties Fayette
46%
Most Populous Counties Jefferson
46%
Largest Industries Agriculture
38%
Major Bourbon Distilleries Buffalo Trace
38%
Longest Rivers Cumberland River
38%
Largest Industries Manufacturing
33%
Last 4 Governors Matt Bevin
33%
Largest Universities Northern Kentucky University
33%
Most Populous Counties Boone
29%
Longest Rivers Green River
21%
Most Populous Counties Kenton
21%
Most Populous Counties Warren
21%
Last 4 Governors Ernie Fletcher
8%
Major Bourbon Distilleries Heaven Hill
8%
Last 5 Kentucky Derby Winners Mystik Dan
8%
Last 5 Kentucky Derby Winners Authentic
4%
Largest Industries Logistics
4%
Last 5 Kentucky Derby Winners Mage
4%
Last 5 Kentucky Derby Winners Rich Strike
4%
Major Bourbon Distilleries Brown-Forman
0%
Last 5 Kentucky Derby Winners Mandaloun
0%
No matching quizzes found
Score Distribution
Percent of People with Each Score
Percentile by Number Answered
Your Score History
You have not taken this quiz since the last reset